000 00578nam a2200193Ia 4500
003 PILC
005 20160226095215.0
008 140527s9999 xx 000 0 und d
020 _a9789812728531
050 _aG 155.A1
_b.P145 2010
100 _aPage, Stephen J.
245 _aTourism management :
_bmanaging for change /
_cStephen J. Page.
250 _a3rd edition.
260 _aBoston, MA :
_bElsevier,
_c2010.
300 _a578 pages :
_billustrations ;
_c22 cm.
500 _aIncludes bibliographical references and index.
942 _kFOR
_cBK
_2lcc
999 _c117424
_d117424